000 01049cam a2200277 a 4500
005 20160526153653.0
008 980821s1999 dcua b 001 0 eng
020 _a1559636572 (cloth)
020 _a1559636580 (pbk.)
040 _aDLC
_cDLC
_dDLC
_dCO-BoIAVH
041 _aspa
044 _ack
082 0 0 _a363.7
_bB61a
245 0 0 _aBioregional assessments :
_bscience at the crossroads of management and policy /
_ceditado por K. Norman Johnson ... [y otros 3]
260 _aWashington, D.C. :
_bIsland Press,
_cc1999.
300 _axiii, 398 páginas :
_bilustraciones ;
_c24 x 15 cm.
500 _aIncluye índice.
504 _aIncluye referencias bibliográficas.
650 1 6 _aGestión ambiental
_zEstados Unidos
_xEstudios de caso.
650 2 6 _aPolítica ambiental
_zEstados Unidos
_xEstudios de caso.
700 1 _aJohnson, K. Norman.
_eeditor
700 1 _aSwanson, Frederick J.
_eeditor
700 1 _aHenring, Margaret
_eeditora
700 1 _aGreene, Sarah
_eeditora
942 _2ddc
_cLIBRO
999 _c2549
_d2549